000 00845nam a2200217Ia 4500
008 130821s1991 mx gr spa
020 _a9701000544
040 _aCo-BoUCM
_bspa
041 0 0 _aspa
100 _aPicazo Manriquez, Luis Rubén
_9156532
245 0 0 _aIngenieria de Servicios para crear clientes satisfechos y lograr ventajas competitivas sustanciales y sostenibles
_cLuis Rubén Picazo Manriquez , Fabi n Martínez Villegas
260 _aMéxico D.F. (México)
_bMcGraW-Hill
_c1991
300 _a254 páginas
504 _aIncluye bibliografía e índice
650 0 4 _aCalidad total
_910321
650 0 4 _aComunicación organizacional
_911385
650 0 4 _aPlanificación estratégica
_921662
650 0 4 _aServicio al cliente
_924256
942 _cLIBRO
_a16
_e1
_mP42
_2DEWEY
_h658.812
999 _c20708
_d20708